Chris Janson Charting Songs (Billboard Hot 100) - Statistics

General Stats
  • This quiz has been taken 14 times
    3 since last reset
  • The average score is 3 of 6
Answer Stats
Album Weeks On Peak Song % Correct
Buy Me A Boat 20 Weeks #41 Buy Me A Boat
100%
Real Friends 12 Weeks #41 Done
67%
Real Friends 13 Weeks #48 Good Vibes
67%
The Outlaw Side of Me 1 Week #98 All I Need Is You
33%
Everybody 10 Weeks #79 Drunk Girl
33%
Everybody 14 Weeks #67 Fix a Drink
33%
No matching quizzes found
Score Distribution
Percent of People with Each Score
Percentile by Number Answered
Your Score History
You have not taken this quiz since the last reset